000 00567pab a2200193 454500
008 180718b2011 xxu||||| |||| 00| 0 eng d
100 _aSalman, R.K.
245 _aDenial of access to justice in public interest litigation in Nigeria: Need to learn from Indian judiciary
260 _c2011
300 _ap.594-625.
362 _aOct - Dec
650 _aPublic interest litigation - India
650 _aJudiciary - India
650 _aJudiciary
700 _aAyankogbe, O.O.
773 _aJournal of the Indian Law Institute
908 _aN
909 _a96475
999 _c96475
_d96475